<?xml version="1.0" encoding="UTF-8"?>
<record
    xmlns:xsi="http://www.w3.org/2001/XMLSchema-instance"
    xsi:schemaLocation="http://www.loc.gov/MARC21/slim http://www.loc.gov/standards/marcxml/schema/MARC21slim.xsd"
    xmlns="http://www.loc.gov/MARC21/slim">

  <leader>03107nam a2200361 i 4500</leader>
  <controlfield tag="001">on1030241785</controlfield>
  <controlfield tag="003">OCoLC</controlfield>
  <controlfield tag="005">20250923101225.0</controlfield>
  <controlfield tag="008">180730t20182018nyua     b    000 0 eng d</controlfield>
  <datafield tag="010" ind1=" " ind2=" ">
    <subfield code="a">2017301179</subfield>
  </datafield>
  <datafield tag="020" ind1=" " ind2=" ">
    <subfield code="a">9781501143335</subfield>
  </datafield>
  <datafield tag="035" ind1=" " ind2=" ">
    <subfield code="a">(OCoLC)1030241785</subfield>
    <subfield code="z">(OCoLC)975119724</subfield>
    <subfield code="z">(OCoLC)975364644</subfield>
    <subfield code="z">(OCoLC)1035946091</subfield>
    <subfield code="z">(OCoLC)1038506403</subfield>
    <subfield code="z">(OCoLC)1088913068</subfield>
  </datafield>
  <datafield tag="040" ind1=" " ind2=" ">
    <subfield code="c">tbs</subfield>
  </datafield>
  <datafield tag="041" ind1=" " ind2=" ">
    <subfield code="a">eng</subfield>
  </datafield>
  <datafield tag="042" ind1=" " ind2=" ">
    <subfield code="a">lccopycat</subfield>
  </datafield>
  <datafield tag="050" ind1="0" ind2="0">
    <subfield code="a">HF5549.5.J63</subfield>
    <subfield code="b">G73 2018</subfield>
  </datafield>
  <datafield tag="100" ind1=" " ind2=" ">
    <subfield code="a">Graeber, David</subfield>
    <subfield code="e">author</subfield>
    <subfield code="9">25948</subfield>
  </datafield>
  <datafield tag="245" ind1="1" ind2="0">
    <subfield code="a">Bullshit jobs</subfield>
    <subfield code="c">/ David Graeber.</subfield>
  </datafield>
  <datafield tag="246" ind1="1" ind2=" ">
    <subfield code="i">Title on dust jacket :</subfield>
    <subfield code="a">Bull shit jobs</subfield>
    <subfield code="b">: a theory.</subfield>
  </datafield>
  <datafield tag="250" ind1=" " ind2=" ">
    <subfield code="a">First Simon &amp; Schuster hardcover edition.</subfield>
  </datafield>
  <datafield tag="260" ind1=" " ind2=" ">
    <subfield code="a">New York, NY :</subfield>
    <subfield code="b">Simon &amp; Schuster,</subfield>
    <subfield code="c">2018.</subfield>
  </datafield>
  <datafield tag="300" ind1=" " ind2=" ">
    <subfield code="a">xxvii, 333 pages :</subfield>
    <subfield code="b">illustrations ;</subfield>
    <subfield code="c">24 cm.</subfield>
  </datafield>
  <datafield tag="504" ind1=" " ind2=" ">
    <subfield code="a">Includes bibliographical references (pages 327-333)</subfield>
  </datafield>
  <datafield tag="505" ind1="0" ind2=" ">
    <subfield code="a">Preface: On the phenomenon of bullshit jobs &#x2014; What is a bullshit job? &#x2014; What sorts of bullshit jobs are there? &#x2014; Why do those in bullshit jobs regularly report themselves unhappy? &#x2014; What is it like to have a bullshit job? &#x2014; Why are bullshit jobs proliferating? &#x2014; Why do we as a society not object to the growth of pointless employment? &#x2014; What are the political effects of bullshit jobs, and is there anything that can be done about this situation?</subfield>
  </datafield>
  <datafield tag="520" ind1=" " ind2=" ">
    <subfield code="a">'Does your job make a meaningful contribution to the world?' David Graeber asked this question in a playful, provocative online essay titled On the Phenomenon of Bullshit Jobs. He defined a bullshit job as 'a form of paid employment that is so completely pointless, unnecessary, or pernicious that even the employee cannot justify its existence, even though as part of the conditions of employment, the employee feels obliged to pretend that this is not the case.' After a million views in seventeen different languages, people all over the world are still debating the answer. ... Graeber, in his singularly searing and illuminating style, identifies the five types of bullshit jobs and argues that when 1 percent of the population controls most of a society's wealth, they control what jobs are 'useful' and 'important.' ... Graeber illustrates how nurses, bus drivers, musicians, and landscape gardeners provide true value, and what it says about us as a society when we look down upon them. Using arguments from some of the most revered political thinkers, philosophers, and scientists of our time, Graeber articulates the societal and political consequences of these bullshit jobs. Depression, anxiety, and a warped sense of our values are all dire concerns. He provides a blueprint to undergo a shift in values, placing creative and caring work at the center of our culture, providing the meaning and satisfaction we all crave.</subfield>
  </datafield>
  <datafield tag="650" ind1=" " ind2="0">
    <subfield code="a">Job satisfaction</subfield>
    <subfield code="x">Social aspects</subfield>
    <subfield code="9">25949</subfield>
  </datafield>
  <datafield tag="650" ind1=" " ind2="0">
    <subfield code="a">Organizational effectiveness</subfield>
    <subfield code="9">2451</subfield>
  </datafield>
  <datafield tag="650" ind1=" " ind2="0">
    <subfield code="a">Bureaucracy</subfield>
    <subfield code="x">Social aspects</subfield>
    <subfield code="9">25950</subfield>
  </datafield>
  <datafield tag="650" ind1=" " ind2="0">
    <subfield code="a">Social structure.</subfield>
  </datafield>
  <datafield tag="650" ind1=" " ind2="0">
    <subfield code="a">Work</subfield>
    <subfield code="x">Social aspects</subfield>
    <subfield code="9">25951</subfield>
  </datafield>
  <datafield tag="650" ind1=" " ind2="0">
    <subfield code="a">Work </subfield>
    <subfield code="x">Psychological aspects</subfield>
    <subfield code="9">8000</subfield>
  </datafield>
  <datafield tag="942" ind1=" " ind2=" ">
    <subfield code="2">lcc</subfield>
  </datafield>
  <datafield tag="952" ind1=" " ind2=" ">
    <subfield code="0">0</subfield>
    <subfield code="1">0</subfield>
    <subfield code="2">lcc</subfield>
    <subfield code="4">0</subfield>
    <subfield code="7">0</subfield>
    <subfield code="a">TBS</subfield>
    <subfield code="b">TBS</subfield>
    <subfield code="d">2025-09-23</subfield>
    <subfield code="l">1</subfield>
    <subfield code="m">2</subfield>
    <subfield code="o">HF5549.5.J63 GRA</subfield>
    <subfield code="p">B07597</subfield>
    <subfield code="r">2025-12-12</subfield>
    <subfield code="s">2025-09-23</subfield>
    <subfield code="t">1</subfield>
    <subfield code="w">2025-09-23</subfield>
    <subfield code="y">1</subfield>
  </datafield>
  <datafield tag="999" ind1=" " ind2=" ">
    <subfield code="c">4978</subfield>
    <subfield code="d">4978</subfield>
  </datafield>
</record>
